Η καθημερινή ζωή στούς προϊστορικούς χρόνους

Αποθηκεύτηκε σε:
Λεπτομέρειες βιβλιογραφικής εγγραφής
Κύριος συγγραφέας: Quennell, C. H. B. (Charles Henry Bourne), 1872-1935
Άλλοι συγγραφείς: Quennell, Marjorie
Μορφή: Βιβλίο
Γλώσσα:Greek
English
Δημοσίευση: Αθήνα : Ωκεανίς, 1974.
Θέματα:
Ετικέτες: Προσθήκη ετικέτας
Δεν υπάρχουν, Καταχωρήστε ετικέτα πρώτοι!

MARC

LEADER 00000cam a2200000 i 4500
001 1/77409
008 050526s1974 gr | ||| |||| ||gre||
035 |l 10078233 
040 |a GR-MyUa  |b gre  |e AACR2 
041 1 |a gre  |h eng 
082 7 |a 930   |2 (22) 
100 1 |a Quennell, C. H. B.   |q (Charles Henry Bourne),   |d 1872-1935. 
245 1 2 |a Η καθημερινή ζωή στούς προϊστορικούς χρόνους /   |c C.H.B. και Μ. Κοουεννέλλ ; μετάφραση Άννας Γιαννακοπούλου.  
260 |a Αθήνα :   |b Ωκεανίς,   |c 1974.  
300 |a 254 σ. :   |b εικ. ;   |c 21 εκ.  
500 |a Τίτλος πρωτοτύπου: Everyday life in prehistoric times.  
650 0 |a Stone age. 
650 0 |a Bronze age. 
650 0 |a Iron age. 
650 0 |a Prehistoric peoples. 
700 1 |a Quennell, Marjorie. 
852 |a INST  |b RHODES  |c KRI  |e 20050526  |h  930 QUE  |p 005400023438  |q 005400023438  |t BK  |y 0 
901 |a BIBL4-2005-2 
970 |a ΚΟΖΑ  |b ΜΑΡΙΑ  |z 2005/05/26